MARC details
| 000 -CABECERA |
| campo de control de longitud fija |
01639nam a2200313 a 4500 |
| 001 - NÚMERO DE CONTROL |
| campo de control |
000028179 |
| 005 - FECHA Y HORA DE LA ÚLTIMA TRANSACCIÓN |
| campo de control |
20200930031421.0 |
| 008 - DATOS DE LONGITUD FIJA--INFORMACIÓN GENERAL |
| campo de control de longitud fija |
110407s2011 dr 000 0 spa d |
| 020 ## - NÚMERO INTERNACIONAL ESTÁNDAR DEL LIBRO |
| Número Internacional Estándar del Libro |
9789945163841 |
| 040 ## - FUENTE DE LA CATALOGACIÓN |
| Centro catalogador/agencia de origen |
DO-SdBNP |
| Lengua de catalogación |
spa |
| Centro/agencia transcriptor |
BNPHU |
| 082 ## - NÚMERO DE LA CLASIFICACIÓN DECIMAL DEWEY |
| Número de clasificación |
341.097293 |
| Número de documento/Ítem |
A989c |
| 100 1# - ENTRADA PRINCIPAL--NOMBRE DE PERSONA |
| Nombre de persona |
Ayuso, José Alejandro |
| 9 (RLIN) |
55179 |
| 245 13 - MENCIÓN DE TÍTULO |
| Título |
La constitución derecho internacional e integración supranacional : |
| Resto del título |
el control preventivo de los tratados internacionales como proceso constitucional / |
| Mención de responsabilidad, etc. |
José Alejandro Ayuso ; prólogo Eduardo Jorge Prats. |
| 260 ## - PUBLICACIÓN, DISTRIBUCIÓN, ETC. |
| Lugar de publicación, distribución, etc. |
Santo Domingo : |
| Nombre del editor, distribuidor, etc. |
Fundación Equidad, |
| Fecha de publicación, distribución, etc. |
2011. |
| 300 ## - DESCRIPCIÓN FÍSICA |
| Extensión |
196 p. ; |
| Dimensiones |
23 cm. |
| 490 1# - MENCIÓN DE SERIE |
| Mención de serie |
Vivir en Constitución |
| 500 ## - NOTA GENERAL |
| Nota general |
Incluye datos biografícos del autor en las solapas |
| 504 ## - NOTA DE BIBLIOGRAFÍA, ETC. |
| Nota de bibliografía, etc. |
Incluye referencias bibliográficas y notas al pie de las páginas. |
| 504 ## - NOTA DE BIBLIOGRAFÍA, ETC. |
| Nota de bibliografía, etc. |
Bibliografía: p.179-187. |
| 505 0# - NOTA DE CONTENIDO CON FORMATO |
| Título |
Prólogo / |
| Mención de responsabilidad |
Eduardo Jorge Prats -- |
| Título |
Superioridad normativa de la Constitución -- |
| -- |
Eficacia del control de constitucionalidad de las normas -- |
| -- |
Fundamentos constitucionales de la integración supranacional -- |
| -- |
A manera de epílogo: El control constitucional de la integración supranacional -- |
| -- |
Bibliografía. |
| 590 ## - NOTA LOCAL (RLIN) |
| Nota local |
Inventariado, 2018/ YL |
| 651 #4 - PUNTO DE ACCESO ADICIONAL DE MATERIA--NOMBRE GEOGRÁFICO |
| Nombre geográfico |
República Dominicana |
| Subdivisión general |
Derecho Constitucional |
| 9 (RLIN) |
9303 |
| 650 #4 - PUNTO DE ACCESO ADICIONAL DE MATERIA--TÉRMINO DE MATERIA |
| Término de materia o nombre geográfico como elemento de entrada |
Tratados comerciales |
| Subdivisión geográfica |
República Dominicana |
| 9 (RLIN) |
12395 |
| 651 #4 - PUNTO DE ACCESO ADICIONAL DE MATERIA--NOMBRE GEOGRÁFICO |
| Nombre geográfico |
República Dominicana |
| Subdivisión general |
Relaciones Exteriores |
| -- |
Tratados |
| 9 (RLIN) |
11787 |
| 651 #4 - PUNTO DE ACCESO ADICIONAL DE MATERIA--NOMBRE GEOGRÁFICO |
| Nombre geográfico |
República Dominicana |
| Subdivisión general |
Tratados |
| 9 (RLIN) |
55180 |
| 700 1# - PUNTO DE ACCESO ADICIONAL--NOMBRE DE PERSONA |
| Nombre de persona |
Jorge Prats, Eduardo, |
| Término indicativo de función/relación |
pról. |
| 9 (RLIN) |
17747 |
| 830 #0 - PUNTO DE ACCESO ADICIONAL DE SERIE-TÍTULO UNIFORME |
| Título uniforme |
Vivir en Constitución |
| 9 (RLIN) |
55181 |
| 910 ## - DATOS DE OPCIÓN DEL USUARIO (OCLC) |
| Datos de opción del usuario |
Validado. Control de calidad EMS |